000 00452 a2200169 4500
003 Nust
005 20170207153433.0
040 _cNust
082 _a005.1
100 _aGillani , Capt Naseem BESE-08
245 _aSoftware design of retaining walls (Hard / Soft-copy)
_cCapt Naseem Gillani & Capt Latif Qamar BESE-08
260 _bMCS
_c2006
300 _a56 p
538 _aAlmirah No 71 Shelf No 5
650 _aUG Projects
651 _aUG CS Projects
942 _cPRG
999 _c186193
_d186193